Normal view
MARC view
- Arooj Nawaz, Sajjad Hussain, Rabia Naseer
Entry Personal Name
001 - CONTROL NUMBER
- control field: 55046
003 - CONTROL NUMBER IDENTIFIER
- control field: NUST
005 - DATE AND TIME OF LATEST TRANSACTION
- control field: 20210421120127.0
008 - FIXED-LENGTH DATA ELEMENTS
- fixed length control field: 210421|| aca||aabn | a|a d
040 ## - CATALOGING SOURCE
- Original cataloging agency: NUST
- Transcribing agency: NUST
100 ## - HEADING--PERSONAL NAME
- Personal name: Arooj Nawaz, Sajjad Hussain, Rabia Naseer
670 ## - SOURCE DATA FOUND
- Source citation: Work cat.: (NUST): Arooj Nawaz, Sajjad Hussain, Rabia Naseer., Microfluidic Emulsion Polymerization Reactor for Preparing Uniform Size Polyer Particles with CD (UG-MAT-2016), 2016SCME
